banner koha

Niveis de substituicao do milho pela polpa de citrus peletizada sobre o desempenho e caracteristicas de carcaca de bovinos mesticos confinados (Registro n. 165794)

MARC details
000 -LÍDER
campo de controle de tamanho fixo 01024nas a2200325 4500
001 - NÚMERO DE CONTROLE
campo de controle BR0101308
003 - IDENTIFICADOR DO NÚMERO DE CONTROLE
campo de controle BR-BrBNA
005 - DATA E HORÁRIO DA ÚLTIMA TRANSAÇÃO
campo de controle 20231205102117.0
007 - CAMPO FIXO DE DESCRIÇÃO FÍSICA--INFORMAÇÃO GERAL
campo de controle de tamanho fixo ta
008 - CAMPO DE DADOS FIXOS--INFORMAÇÃO GERAL
campo de controle de tamanho fixo 230509b bl.|||p| |||| 00| 00por d
040 ## - FONTE DA CATALOGAÇÃO
Instituição da catalogação original BR-BrBNA
Idioma da catalogação por
Instituição que transcreveu o registro Biblioteca Nacional de Agricultura
041 ## - CÓDIGO DE IDIOMA
Código do idioma do texto/trilha sonora ou título diferente (Pt)
072 ## - CÓDIGO DE CATEGORIA DE ASSUNTO
Código de Categoria de Assunto L02
100 1# - ENTRADA PRINCIPAL--NOME PESSOAL
Nome pessoal Prado, I.N. do
100 1# - ENTRADA PRINCIPAL--NOME PESSOAL
Nome pessoal Pinheiro, A.D.
100 1# - ENTRADA PRINCIPAL--NOME PESSOAL
Nome pessoal Alcalde, C.R.
100 1# - ENTRADA PRINCIPAL--NOME PESSOAL
Nome pessoal Zeoula, L.M.
100 1# - ENTRADA PRINCIPAL--NOME PESSOAL
Nome pessoal Nascimento, W.G. do
100 1# - ENTRADA PRINCIPAL--NOME PESSOAL
Nome pessoal Souza, N.E. de
245 1# - TÍTULO
Título Niveis de substituicao do milho pela polpa de citrus peletizada sobre o desempenho e caracteristicas de carcaca de bovinos mesticos confinados
650 ## - ASSUNTO--TERMO TÓPICO
Cabeçalho tópico ou nome geográfico Gado Mestico
650 ## - ASSUNTO--TERMO TÓPICO
Cabeçalho tópico ou nome geográfico Polpa de Fruta
650 ## - ASSUNTO--TERMO TÓPICO
Cabeçalho tópico ou nome geográfico Confinamento
650 ## - ASSUNTO--TERMO TÓPICO
Cabeçalho tópico ou nome geográfico Carcaca
650 ## - ASSUNTO--TERMO TÓPICO
Cabeçalho tópico ou nome geográfico Performance
650 ## - ASSUNTO--TERMO TÓPICO
Cabeçalho tópico ou nome geográfico PARANÁ
773 0# - ENTRADA ANALÍTICA
Título Revista Brasileira de Zootecnia (Brazil)
ISSN - International Standard Serial Number ISSN 1516-3598
Partes relacionadas (Nov-Dec 2000), v. 29(6)Suplemento 1 p. 2135-2141
Número de controle do registro BR0101308
909 ## -
-- 202311
-- Lúcia
-- 55
-- Lúcia Elande
942 ## - ELEMENTOS DE ENTRADA ADICIONADOS (KOHA)
Fonte da classificação ou esquema de arquivamento na estante Classificação AGRIS
Ocultar no OPAC Não
Tipo de material Koha Analítica
Exemplares
Situação do descarte Fonte da classificação ou esquema de arquivamento na estante Situação física Não pode ser emprestado Biblioteca de origem Biblioteca atual Localização na estante Enumeração do periódico / cronologia Total de empréstimos Data de último acesso Número do exemplar Tipo de material Koha Fonte de aquisição
  Classificação AGRIS   Consulta local Biblioteca Nacional de Agricultura - Binagri Biblioteca Nacional de Agricultura - Binagri   (Nov-Dec 2000), v. 29(6)Suplemento 1 p. 2135-2141   29/11/2023 01 Periódicos Portaria Interministerial nº 164/94

BINAGRI

Telefone: (61)3218-2567/2388/3357/2097 - binagri@agro.gov.br

Ministério da Agricultura e Pecuária , Esplanada dos Ministérios, Bloco D, Anexo B, Brasília/DF, CEP: 70.043-900